000 00403nam a2200145Ia 4500
008 230917s9999||||xx |||||||||||||| ||und||
040 _e72150
_aMAIN
041 _aEnglish
082 _a34:3312041 M983S
100 _aMuthuswamy, P
245 0 _aSwamy's compilation of F.R.S.R. Pt 2- Travelling allowances. Pt 4- Dearness allowances
260 _aMadras
_bSwamy
_c1988
300 _av. p.
942 _cBK
999 _c62193
_d62193